Finančný a operatívny prenájom v účtovníctve podnikateľov – právny, účtovný a daňový aspekt diplomová práca

Enregistré dans:
Détails bibliographiques
Auteur principal: Ivanová, Katarína
Collectivité auteur: Fakulta hospodárskej informatiky EU. Katedra účtovníctva a audítorstva
Autres auteurs: Vašeková, Miroslava, 1978-
Format: Livre
Langue:slovaque
Publié: Bratislava 2012
Tags: Ajouter un tag
Pas de tags, Soyez le premier à ajouter un tag!

MARC

LEADER 00000nbm a2200000 4500
001 0159228
005 20161109102234.6
041 0 |a slo 
044 |a SK 
245 1 0 |a Finančný a operatívny prenájom v účtovníctve podnikateľov – právny, účtovný a daňový aspekt  |b diplomová práca  |c Katarína Ivanová ; školiteľ: Miroslava Vašeková 
264 1 |a Bratislava  |c 2012 
300 |a 63 s. 
100 1 |a Ivanová, Katarína 
700 1 |a Vašeková, Miroslava, 1978- 
710 2 |a Fakulta hospodárskej informatiky EU. Katedra účtovníctva a audítorstva